| 000 | 01591nam a2200241Ia 4500 | ||
|---|---|---|---|
| 000 | 01839naaa 00289uu | ||
| 001 | https://directory.doabooks.org/handle/20.500.12854/57757 | ||
| 005 | 20260218105937.0 | ||
| 008 | 211013s9999 xx 000 0 und d | ||
| 020 | _a9781789231724 | ||
| 024 | _a10.5772/intechopen.70921 | ||
| 042 | _adc | ||
| 100 | 1 | _aYusuf Bozkurt | |
| 245 | 0 | _aRecent Advances in Zebrafish Researches | |
| 260 |
_bIntechOpen _c2018 |
||
| 300 | _a1 electronic resource (218 p.) | ||
| 520 | _aModel organisms have been used in various disciplines in order to understand different mechanisms underlying the problems. From this point of view, the zebrafish has become a favorite model organism in different scientific research fields in recent years because of its rapid embryonic development, transparency of its embryos, and its large number of offspring along with several other advantages. Recent Advances in Zebrafish Researches demonstrates the role and the function of zebrafish in different research fields and totally includes 11 chapters, which have been written by the expert researches in their fields. With this book, every researcher will better understand different mechanisms underlying the problems at different disciplines using zebrafish as model organism. | ||
| 540 | _aAll rights reserved | ||
| 653 | _aBiological Science | ||
| 856 |
_uhttps://docs.google.com/spreadsheets/d/1yKIrdCPDAG_9c22mwoOIO2DOhtj65Wqa/edit?usp=sharing&ouid=106555315294820607512&rtpof=true&sd=true _yList of Curated E-Books |
||
| 942 | _cE-BOOK | ||
| 999 |
_c51769 _d51769 |
||